[Event "3rd Cambridge Int Open"]
[Site "Cambridge ENG"]
[Date "2025.05.26"]
[Round "1.24"]
[White "Badacsonyi, Stanley"]
[Black "Hughes, Roy"]
[Result "1-0"]
[WhiteTitle "FM"]
[WhiteElo "2289"]
[BlackElo "2014"]
[WhiteFideId "486973"]
[BlackFideId "412481"]
[EventDate "2025.05.26"]

1. d4 d5 2. c4 c6 3. cxd5 cxd5 4. Bf4 Nc6 5. e3 Nf6 6. Nc3 Bf5 7. Nf3 e6 8. Qb3
Qb6 9. Qxb6 axb6 10. Bb5 Be7 11. Ne5 Rc8 12. Nxc6 bxc6 13. Ba6 Rd8 14. Bc7 Rd7
15. Bxb6 O-O 16. a4 Ra8 17. Be2 Rb7 18. Bc5 Bxc5 19. dxc5 Rxb2 20. O-O Ra5 21.
Rfc1 Nd7 22. Bd1 Nxc5 23. Nb5 Nd7 24. Nd4 c5 25. Nb3 Ra8 26. Nxc5 Nxc5 27. Rxc5
Bd3 28. h3 Kf8 29. Rc7 Ra5 30. Rac1 Bc4 31. e4 g6 32. h4 h5 33. g3 Rb4 34. Kg2
Rb2 35. Ra1 Rb4 36. Rc1 Rb2 37. e5 Rb4 38. Rc3 Rb1 39. Rf3 Rxd1 40. Rfxf7+ Kg8
41. Rfd7 Ra8 42. Rxc4 dxc4 43. Rxd1 Rxa4 44. Kf3 c3 45. Rd8+ Kf7 46. Rc8 Ra5 47.
Rc7+ Kf8 48. Kf4 Rd5 49. Rxc3 Kg7 50. Rc7+ Kf8 51. Kg5 Rxe5+ 52. Kxg6 Re2 53.
Rf7+ Ke8 54. Rf3 1-0

[Event "3rd Cambridge Int Open"]
[Site "Cambridge ENG"]
[Date "2025.05.26"]
[Round "1.25"]
[White "Kothari, Jai"]
[Black "Yoon, Jacob D"]
[Result "1/2-1/2"]
[BlackTitle "CM"]
[WhiteElo "2007"]
[BlackElo "2250"]
[WhiteFideId "477117"]
[BlackFideId "446076"]
[EventDate "2025.05.26"]

1. e4 e6 2. d4 d5 3. Bd3 c5 4. exd5 exd5 5. c3 Nc6 6. Nf3 cxd4 7. cxd4 Bd6 8.
O-O Nge7 9. h3 h6 10. a3 O-O 11. Nc3 Bc7 12. b4 Be6 13. Ne2 Nf5 14. b5 Nce7 15.
Bf4 Bb6 16. Rc1 Ng6 17. Bb1 Nxf4 18. Nxf4 Qd6 19. Qd2 Bc7 20. Ne5 Nxd4 21. Qxd4
Qxe5 22. Qxe5 Bxe5 23. Nxe6 fxe6 24. Rce1 Bb2 25. Rxe6 Rad8 26. a4 Rf4 27. Re7
Rf7 28. Rfe1 Kf8 29. R7e6 Bd4 30. R1e2 Bc5 31. Bg6 Re7 32. Kf1 Rxe6 33. Rxe6 Be7
34. Ke2 Rd6 35. Rxd6 1/2-1/2

[Event "3rd Cambridge Int Open"]
[Site "Cambridge ENG"]
[Date "2025.05.26"]
[Round "1.26"]
[White "Cummings, David H."]
[Black "Majeed, Haroon"]
[Result "1/2-1/2"]
[WhiteTitle "IM"]
[WhiteElo "2249"]
[BlackElo "1999"]
[WhiteFideId "2603578"]
[BlackFideId "343401902"]
[EventDate "2025.05.26"]

1. c4 e6 2. Nc3 d5 3. d4 Be7 4. Bf4 Nf6 5. e3 O-O 6. a3 Nbd7 7. cxd5 Nxd5 8.
Nxd5 exd5 9. Bd3 c5 10. Ne2 b6 11. O-O Nf6 12. Ng3 cxd4 13. exd4 g6 14. Rc1 Ne8
15. Rc2 Be6 16. Bh6 Ng7 17. f4 f5 18. Re1 Bf7 19. Bxg7 Kxg7 20. Bxf5 Bd6 21. Qg4
Bg8 22. Bd3 Rc8 23. Nf5+ Kh8 24. Nxd6 Rxc2 25. Bxc2 Qxd6 26. f5 Qf6 27. Re5 gxf5
28. Rxf5 Qe6 29. h3 Qe3+ 30. Kh2 Rxf5 31. Bxf5 Qf2 32. b3 a5 33. a4 Bf7 34. Bd3
Bg8 35. h4 Qf6 36. Bf5 Bf7 37. Kg3 Qc6 38. Qf3 Kg7 39. Qe3 h5 40. Kf2 Kf8 41. g3
Qd6 42. Kg2 Qc6 43. Kh3 Qf6 44. Qf4 Qc6 45. Bd3 Ke7 46. Qe5+ Kf8 47. Be2 Qc8+
48. Kg2 Qc2 49. Qe3 Qb2 50. Kf2 Qc2 51. Qd3 Qb2 52. g4 hxg4 53. Kg3 Qa1 54. Bxg4
Qe1+ 55. Kh3 Qh1+ 56. Kg3 Qe1+ 1/2-1/2

[Event "3rd Cambridge Int Open"]
[Site "Cambridge ENG"]
[Date "2025.05.26"]
[Round "1.27"]
[White "Pick, Freddie"]
[Black "Sowray, Peter J"]
[Result "0-1"]
[BlackTitle "FM"]
[WhiteElo "1997"]
[BlackElo "2219"]
[WhiteFideId "343454097"]
[BlackFideId "400971"]
[EventDate "2025.05.26"]

1. c4 g6 2. Nc3 Bg7 3. g3 e5 4. Bg2 f5 5. e4 Nf6 6. d3 O-O 7. Nge2 d6 8. O-O c6
9. h3 Be6 10. Be3 fxe4 11. dxe4 Bxc4 12. Qa4 b5 13. Qc2 Qe7 14. Rfd1 a6 15. b3
Be6 16. Rd3 c5 17. Rad1 Nc6 18. Qb1 Nd4 19. R3d2 Rac8 20. Nd5 Nxd5 21. Bxd4 exd4
22. exd5 Bf5 23. Qc1 Bh6 24. Qb2 Bxd2 25. Qxd2 Rce8 26. Nf4 g5 27. Ne6 Bxe6 28.
dxe6 Qxe6 29. Qxg5+ Kh8 0-1

[Event "3rd Cambridge Int Open"]
[Site "Cambridge ENG"]
[Date "2025.05.26"]
[Round "1.28"]
[White "Anjulan, Ashwin"]
[Black "Lebedev, Lion"]
[Result "1/2-1/2"]
[WhiteElo "1826"]
[BlackElo "1996"]
[WhiteFideId "343411622"]
[BlackFideId "551005492"]
[EventDate "2025.05.26"]

1. e4 e5 2. Nf3 Nc6 3. Nc3 Nf6 4. d4 exd4 5. Nxd4 Bb4 6. Nxc6 bxc6 7. Bd3 O-O 8.
O-O d5 9. Bd2 Re8 10. Nxd5 Nxd5 11. exd5 Bxd2 12. Qxd2 cxd5 13. b4 Bb7 14. Qf4
Qe7 15. Rac1 a5 16. c4 d4 17. b5 c5 18. Rc2 Qd7 19. Bf5 Qe7 20. Bd3 Qd7 21. Bf5
Qd8 22. Bd3 g6 23. Rcc1 Qe7 24. Rc2 Qd7 25. Rcc1 Re7 26. h3 Rae8 27. Qd2 Qc7 28.
Rfe1 a4 29. Re5 Re6 30. Rxe6 Qe7 31. Rf6 Qxf6 32. Re1 Re5 33. Rxe5 Qxe5 34. a3
Kg7 35. Qe2 Qg5 36. Qg4 Qc1+ 37. Kh2 Qxa3 38. Qg3 Qc1 39. Qe5+ Kh6 40. Qxc5 Qf4+
41. Kg1 Kg7 42. b6 h6 43. Qe7 Qb8 44. Qd7 a3 45. Qxd4+ Kg8 46. c5 Qa8 47. Bc4
Bxg2 48. Qd7 Qf3 49. Qxf7+ Qxf7 50. Bxf7+ Kxf7 51. Kxg2 a2 52. b7 a1=Q 53. b8=Q
Qd4 54. Qc7+ Ke6 55. Qc6+ Kf7 56. Qf3+ Ke6 57. Qc6+ Kf7 58. Qc7+ Ke6 59. c6 Qd5+
60. Kh2 Qd6+ 61. Qxd6+ Kxd6 62. Kg3 Kxc6 63. Kg4 Kd5 64. f4 Kd4 65. h4 Ke4 66.
h5 gxh5+ 67. Kxh5 Kxf4 68. Kxh6 1/2-1/2

[Event "3rd Cambridge Int Open"]
[Site "Cambridge ENG"]
[Date "2025.05.26"]
[Round "1.29"]
[White "Iyengar, Ilya"]
[Black "Liu, Jacob"]
[Result "0-1"]
[WhiteElo "1979"]
[BlackElo "1825"]
[WhiteFideId "405949"]
[BlackFideId "496960"]
[EventDate "2025.05.26"]

1. d4 d5 2. Nf3 Nf6 3. c4 c6 4. e3 e6 5. Nc3 Nbd7 6. Qc2 Be7 7. b3 b6 8. Bd3 Bb7
9. O-O h6 10. Rd1 O-O 11. Ne5 Nxe5 12. dxe5 Nd7 13. f4 Kh8 14. Bb2 f6 15. cxd5
cxd5 16. exf6 Nxf6 17. Qe2 Bc5 18. Nb5 Ba6 19. a3 Qd7 20. Nd4 Bxd3 21. Rxd3 Ne4
22. b4 Be7 23. Nf3 Bd6 24. Ne5 Bxe5 25. Bxe5 Rac8 26. Qf3 Qf7 27. Qe2 Rc6 28.
Rdd1 Rfc8 29. Ra2 Qg6 30. g3 h5 31. Kg2 h4 32. Qd3 hxg3 33. h3 Rc4 34. Bd4 Qh6
35. h4 Nf2 36. Rxf2 gxf2 37. Rd2 Qxh4 38. Rxf2 Rc1 39. Qe2 Qh1+ 40. Kg3 Rg1+ 41.
Rg2 Rxg2+ 42. Qxg2 Qxg2+ 43. Kxg2 Kh7 44. Kf3 Kg6 45. Ke2 Rc7 46. Kd3 Kf5 47.
Be5 Rd7 48. Kd4 g6 49. a4 Rd8 50. a5 bxa5 51. bxa5 Rc8 52. Bd6 Rc4+ 53. Kd3 a6
54. Be7 Kg4 55. Bf6 Kf3 56. Be5 Ra4 57. Bc7 Ra3+ 58. Kd4 Rxe3 59. Kc5 Rc3+ 60.
Kb6 Rxc7 61. Kxc7 d4 0-1

[Event "3rd Cambridge Int Open"]
[Site "Cambridge ENG"]
[Date "2025.05.26"]
[Round "1.30"]
[White "Keerthi Kumar, Advait"]
[Black "Verbytski, Oleg"]
[Result "0-1"]
[WhiteElo "1823"]
[BlackElo "1976"]
[WhiteFideId "498033"]
[BlackFideId "495506"]
[EventDate "2025.05.26"]

1. e4 c5 2. Nf3 d6 3. d4 cxd4 4. Nxd4 Nf6 5. f3 a6 6. c4 g6 7. Be3 Bg7 8. Qd2
Bd7 9. Nc3 Nc6 10. Be2 O-O 11. O-O Qc7 12. Rac1 Rab8 13. Rfd1 Rfc8 14. Bf1 Qd8
15. Qf2 h5 16. Kh1 Kh7 17. Nxc6 Rxc6 18. b4 Be6 19. e5 Nd7 20. exd6 Bxc4 21.
dxe7 Qxe7 22. Bd4 Bxf1 23. Qxf1 Qxb4 24. Bxg7 Kxg7 25. Rxd7 Rxc3 26. Rcd1 Rbc8
27. Qe1 Qb5 28. Qe6 Rf8 29. Rxb7 Qd3 30. Qe5+ Kg8 31. Rbb1 Qc2 32. h3 Rd3 33.
Rdc1 Qxa2 34. Qf6 a5 35. Ra1 Qd5 36. Qb6 Ra8 37. Qb2 a4 38. Ra2 a3 39. Qa1 Qb3
40. Rac2 Rad8 41. Kh2 Qb4 42. Kh1 Qd6 43. Rc8 Kh7 44. Rxd8 Qxd8 45. Re1 Qd6 46.
Qa2 Kg7 47. Qa1+ Qd4 48. Qxd4+ Rxd4 49. Ra1 Ra4 50. Kg1 Kf6 51. Kf2 a2 52. Ke3
h4 53. f4 Kf5 54. Kd3 Kxf4 55. Kc3 Kg3 56. Kb3 Ra8 57. Kb2 Kxg2 58. Kc2 Kxh3 59.
Kb2 Kg2 0-1

[Event "3rd Cambridge Int Open"]
[Site "Cambridge ENG"]
[Date "2025.05.26"]
[Round "1.31"]
[White "Cole, James"]
[Black "Shivakumar, Akshath"]
[Result "1/2-1/2"]
[WhiteElo "1972"]
[BlackElo "1819"]
[WhiteFideId "431818"]
[BlackFideId "499765"]
[EventDate "2025.05.26"]

1. d4 d5 2. c4 e6 3. Nf3 c6 4. e3 f5 5. Bd3 Nf6 6. O-O Bd6 7. Nc3 O-O 8. Qc2 Ne4
9. Ne5 Bxe5 10. dxe5 Na6 11. a3 Nac5 12. Ne2 Qc7 13. f4 Nxd3 14. Qxd3 Rd8 15. b3
c5 16. Nc3 Nxc3 17. Qxc3 b6 18. cxd5 Rxd5 19. Bb2 Bb7 20. Rf3 Rad8 21. e4 Rd2
22. Bc1 Rd1+ 23. Rf1 Rxf1+ 24. Kxf1 Bxe4 25. Ra2 Qb7 26. Rd2 Rd5 27. b4 h6 28.
Kg1 Qc6 29. Bb2 c4 30. Bc1 a6 31. Bb2 Qd7 32. Rd4 Rxd4 33. Qxd4 Qxd4+ 34. Bxd4
b5 35. g3 g5 36. Kf2 Kf7 37. h4 gxf4 38. gxf4 h5 39. Ke3 Ke7 40. Bc3 1/2-1/2

[Event "3rd Cambridge Int Open"]
[Site "Cambridge ENG"]
[Date "2025.05.26"]
[Round "1.32"]
[White "Prince, Alan R"]
[Black "Skettos, Nicolas"]
[Result "1-0"]
[WhiteElo "1803"]
[BlackElo "1961"]
[WhiteFideId "2402165"]
[BlackFideId "5900670"]
[EventDate "2025.05.26"]

1. Nf3 Nf6 2. g3 b5 3. Bg2 Bb7 4. d3 e6 5. O-O c5 6. Nbd2 Be7 7. e4 d6 8. Re1
O-O 9. a4 a6 10. b3 Qc7 11. Bb2 e5 12. Nh4 Re8 13. Nf5 Bf8 14. f4 g6 15. Ne3 Bg7
16. f5 Nbd7 17. g4 Bh6 18. h4 Bf4 19. Qf3 Rad8 20. Ndf1 Nf8 21. Ng3 d5 22. g5
dxe4 23. dxe4 Bxg3 24. Qxg3 Nxe4 25. Bxe4 Bxe4 26. Ng4 Bxf5 27. Nf6+ Kg7 28.
Nxe8+ Rxe8 29. Bxe5+ Rxe5 30. Qxe5+ Qxe5 31. Rxe5 Bxc2 32. axb5 axb5 33. Re3 c4
34. bxc4 bxc4 35. Re8 Bf5 36. Raa8 c3 37. Rxf8 c2 38. Rg8# 1-0

[Event "3rd Cambridge Int Open"]
[Site "Cambridge ENG"]
[Date "2025.05.26"]
[Round "1.33"]
[White "Patel, Keatan"]
[Black "Matthews, Adrian M S"]
[Result "1-0"]
[WhiteElo "1958"]
[BlackElo "1800"]
[WhiteFideId "477613"]
[BlackFideId "413631"]
[EventDate "2025.05.26"]

1. e4 c5 2. Nf3 Nc6 3. Bb5 g6 4. O-O Bg7 5. Re1 Qb6 6. Nc3 d6 7. e5 dxe5 8. Nxe5
Be6 9. Qf3 Bxe5 10. Bxc6+ Qxc6 11. Qxc6+ bxc6 12. Rxe5 c4 13. b3 Bf5 14. bxc4
Bxc2 15. d4 f6 16. Ra5 e6 17. d5 Ne7 18. dxe6 O-O 19. Ba3 Rfe8 20. Re1 Bd3 21.
Bxe7 Rxe7 22. Rc5 Rae8 23. Rxc6 Bf5 24. Nd5 Rxe6 25. Nxf6+ Kf7 26. Rcxe6 Rxe6
27. Rxe6 Kxe6 28. Nxh7 Bb1 29. a3 Ba2 30. f4 Bxc4 31. Kf2 Kd6 32. Ke3 Kc5 33.
Kd2 Kd4 34. Ng5 Bd5 35. g4 Kc4 36. h4 Kb3 37. h5 gxh5 38. gxh5 Kxa3 39. h6 Bg8
40. h7 Bxh7 41. Nxh7 Kb4 42. f5 1-0

[Event "3rd Cambridge Int Open"]
[Site "Cambridge ENG"]
[Date "2025.05.26"]
[Round "1.34"]
[White "Gilsson, Asmund"]
[Black "Sasikumar, Srivathsan"]
[Result "1/2-1/2"]
[WhiteElo "1795"]
[BlackElo "1953"]
[WhiteFideId "1541242"]
[BlackFideId "343401279"]
[EventDate "2025.05.26"]

1. d4 Nf6 2. c4 e6 3. Nc3 d5 4. Bg5 Be7 5. Nf3 c6 6. e3 Nbd7 7. Qc2 O-O 8. O-O-O
h6 9. h4 Re8 10. Ne5 Nxe5 11. dxe5 Nd7 12. Bxe7 Qxe7 13. f4 f6 14. exf6 Nxf6 15.
Be2 Qc5 16. Rh3 e5 17. f5 d4 18. Ne4 Nxe4 19. Qxe4 Bd7 20. g4 Rf8 21. exd4 exd4
22. Qxd4 Qxd4 23. Rxd4 Be8 24. Re3 Bf7 25. Kc2 Rfe8 26. Rde4 Red8 27. g5 Rac8
28. g6 Be8 29. Re7 Bd7 30. Bd3 c5 31. Rf7 Re8 32. Ree7 Rxe7 33. Rxe7 Bc6 34. f6
gxf6 35. Rh7 Re8 36. Rxh6 Re7 37. Rh5 b6 38. Rf5 Kg7 39. Rf2 Re5 40. a3 Be4 41.
Bxe4 Rxe4 42. h5 Rxc4+ 43. Kd3 Rh4 44. Rf5 Rh2 45. Kc3 a6 46. b4 Rh3+ 47. Kb2
Rh2+ 48. Kb3 Rh3+ 49. Kb2 Rh2+ 50. Kb3 1/2-1/2

[Event "3rd Cambridge Int Open"]
[Site "Cambridge ENG"]
[Date "2025.05.26"]
[Round "1.35"]
[White "Alldritt, Nigel R E"]
[Black "Richardson, Alan"]
[Result "1-0"]
[WhiteElo "1952"]
[BlackElo "1791"]
[WhiteFideId "404543"]
[BlackFideId "343448828"]
[EventDate "2025.05.26"]

1. d4 Nf6 2. c4 g6 3. g3 Bg7 4. Bg2 O-O 5. Nc3 d6 6. Nf3 c6 7. O-O Bf5 8. Nh4
Be6 9. d5 cxd5 10. cxd5 Bd7 11. Be3 Na6 12. Rc1 b5 13. a3 Qb8 14. b4 Ng4 15. Bd4
Ne5 16. Nf3 Nxf3+ 17. Bxf3 Rc8 18. Bxg7 Kxg7 19. Qd4+ Kg8 20. Qe3 Re8 21. Qh6
Qb6 22. e3 f5 23. h4 Rf8 24. h5 Rf6 25. Ne2 gxh5 26. Qxh5 Kh8 27. Nd4 Rg8 28.
Kg2 Qd8 29. Rh1 Rg7 30. Qh4 Nc7 31. Nc6 Bxc6 32. Rxc6 e5 33. dxe6 Nxe6 34. Rd1
Ng5 35. Rdc1 Rf8 36. Bd5 Qe8 37. Rc7 Qe5 38. Qd4 Qxd4 39. exd4 Ne4 40. Rxg7 Kxg7
41. Rc7+ Kf6 42. f3 Nd2 43. Ba2 Re8 44. Kf2 Nc4 45. Bxc4 bxc4 46. Rxc4 Ke6 47.
Rc7 Kd5 48. Rxa7 Kxd4 49. Rxh7 Re3 50. Rd7 Rxa3 51. Rxd6+ Ke5 52. Rb6 Ra2+ 53.
Kg1 Rb2 54. Rb5+ Kf6 55. Rb8 Ke6 56. b5 Kd6 57. b6 Kc6 58. Rf8 Rb5 59. Kf2 1-0

[Event "3rd Cambridge Int Open"]
[Site "Cambridge ENG"]
[Date "2025.05.26"]
[Round "1.36"]
[White "Letton, Rob"]
[Black "Botteley, Michael T"]
[Result "1/2-1/2"]
[WhiteElo "1786"]
[BlackElo "1947"]
[WhiteFideId "464384"]
[BlackFideId "427411"]
[EventDate "2025.05.26"]

1. e4 c6 2. d4 d5 3. exd5 cxd5 4. Bd3 Nc6 5. c3 Nf6 6. Bf4 g6 7. Nd2 Bg7 8. h3
O-O 9. Ngf3 Re8 10. O-O Bf5 11. Bxf5 gxf5 12. Ne5 Rc8 13. Qe2 e6 14. Nxc6 Rxc6
15. Be5 Qe7 16. Rae1 Bh6 17. Bxf6 Qxf6 18. f4 Rb6 19. Qf2 Kh8 20. Nb3 Bf8 21.
Nc1 Rc8 22. Nd3 Bd6 23. Re3 a5 24. Qe1 Rbc6 25. Rff3 b5 26. Ne5 Bxe5 27. fxe5
Qh6 28. Qf2 b4 29. g4 bxc3 30. bxc3 f4 31. Rxf4 Rxc3 32. Rxc3 Rxc3 33. Rxf7 Qc1+
34. Qf1 Qxf1+ 35. Kxf1 Rxh3 36. Ra7 Ra3 37. Re7 Rxa2 38. Rxe6 Rd2 39. Ra6 Rxd4
40. Rxa5 Rf4+ 41. Kg2 Rxg4+ 42. Kf3 Rd4 43. e6 Kg7 44. Ra7+ Kf6 45. Rxh7 Kxe6
46. Rh6+ Ke5 47. Rh5+ Kd6 48. Ke3 Rd1 49. Rh8 Re1+ 50. Kd3 Re6 51. Rd8+ Ke5 52.
Rh8 Rg6 53. Re8+ Re6 54. Rh8 Rb6 55. Re8+ Kd6 56. Kd4 Rb4+ 57. Kc3 Rg4 58. Rd8+
Ke6 59. Re8+ Kd7 60. Rh8 Re4 61. Rh7+ Kc6 62. Kd3 Ra4 63. Rh8 Ra3+ 64. Kd4 Ra4+
65. Kd3 Rc4 66. Rc8+ Kb5 67. Rb8+ Kc6 68. Rc8+ Kb5 1/2-1/2

[Event "3rd Cambridge Int Open"]
[Site "Cambridge ENG"]
[Date "2025.05.26"]
[Round "1.37"]
[White "Ward, Cian"]
[Black "Jones, Graeme"]
[Result "0-1"]
[WhiteElo "1946"]
[BlackElo "1781"]
[WhiteFideId "475599"]
[BlackFideId "343409083"]
[EventDate "2025.05.26"]

1. e4 c5 2. Nf3 Nc6 3. Bb5 d6 4. O-O Bd7 5. c3 Nf6 6. Re1 g6 7. d4 a6 8. Bxc6
Bxc6 9. d5 Bd7 10. e5 dxe5 11. Nxe5 Bg7 12. d6 Be6 13. Qf3 exd6 14. Nd3 O-O 15.
Nf4 Qd7 16. Nxe6 fxe6 17. Qd3 b5 18. c4 Ng4 19. cxb5 Bd4 20. Rf1 Nxf2 21. Qe2
Nd1+ 22. Kh1 Rxf1+ 23. Qxf1 Nf2+ 24. Kg1 Rf8 25. Qe2 Ng4+ 26. Kh1 Rf2 27. Qe1
Qb7 0-1

[Event "3rd Cambridge Int Open"]
[Site "Cambridge ENG"]
[Date "2025.05.26"]
[Round "1.38"]
[White "Bay-Petersen, Ole"]
[Black "Volovich, Julia"]
[Result "0-1"]
[WhiteElo "1780"]
[BlackElo "1945"]
[WhiteFideId "430188"]
[BlackFideId "447099"]
[EventDate "2025.05.26"]

1. f4 Nf6 2. Nf3 g6 3. e3 Bg7 4. d4 d5 5. c3 O-O 6. Bd3 Nbd7 7. O-O c5 8. Bd2
Ne8 9. Be1 Nd6 10. Bh4 b5 11. Ne5 Nxe5 12. fxe5 Nf5 13. Bxf5 Bxf5 14. Nd2 Bd3
15. Rf3 c4 16. Qe1 f6 17. exf6 exf6 18. Qf2 g5 19. Bg3 Qd7 20. Qe1 Rae8 21. b3
f5 22. Bf2 g4 23. Rf4 Bh6 24. g3 Bxf4 25. gxf4 Re6 26. Nf1 Bxf1 27. Qxf1 Rfe8
28. Re1 Rh6 29. Bg3 Qe6 30. Qf2 Rh3 31. Re2 Qe4 32. Qe1 h5 33. Qf2 Kh7 34. Qg2
h4 35. Qxe4 Rxe4 36. Bf2 Rf3 37. Kg2 Rfxf4 38. Bxh4 Rf3 39. bxc4 bxc4 40. h3
Rfxe3 0-1

[Event "3rd Cambridge Int Open"]
[Site "Cambridge ENG"]
[Date "2025.05.26"]
[Round "1.39"]
[White "Hutchinson, Norman A"]
[Black "Kaushik, Madhav"]
[Result "0-1"]
[WhiteElo "1935"]
[BlackElo "1779"]
[WhiteFideId "411540"]
[BlackFideId "499986"]
[EventDate "2025.05.26"]

1. e4 c5 2. c3 Nf6 3. e5 Nd5 4. Nf3 d6 5. Bc4 Nb6 6. Bb3 c4 7. Bc2 dxe5 8. Nxe5
Qd5 9. Qe2 f6 10. Nf3 Qe6 11. d4 cxd3 12. Bxd3 Qxe2+ 13. Bxe2 e5 14. Nbd2 Be6
15. O-O Be7 16. Bd3 O-O 17. Re1 Rd8 18. Bc2 Nc6 19. Ne4 Nc4 20. a4 N4a5 21. Ned2
Bf7 22. b3 Rac8 23. Rb1 Bf8 24. Nh4 Ne7 25. c4 Nec6 26. Nf1 Nd4 27. Bd1 g5 28.
Nf3 Bg6 29. Nxd4 Rxd4 30. Bd2 Bxb1 31. Bxa5 Bf5 32. Ne3 Be6 33. Bf3 b6 34. Bc3
Rd3 35. Nd5 Bxd5 36. Bxd5+ Rxd5 0-1

[Event "3rd Cambridge Int Open"]
[Site "Cambridge ENG"]
[Date "2025.05.26"]
[Round "1.40"]
[White "McLean, Rory"]
[Black "Keohane, Ben"]
[Result "0-1"]
[WhiteElo "1762"]
[BlackElo "1926"]
[WhiteFideId "447153"]
[BlackFideId "433950"]
[EventDate "2025.05.26"]

1. d4 c5 2. d5 g6 3. c4 b5 4. Nf3 Nf6 5. cxb5 a6 6. Qc2 Qb6 7. e4 axb5 8. Nc3
Ba6 9. e5 Ng4 10. Be2 Bg7 11. d6 e6 12. Qe4 f5 13. exf6 Nxf6 14. Qxa8 O-O 15.
Bxb5 Bxb5 16. Nxb5 Na6 17. Qa7 Qxb5 18. a4 Qc6 19. b4 Ra8 20. Qxa8+ Qxa8 21. O-O
Nd5 22. Ra3 cxb4 23. Rd3 Nc5 24. Rdd1 Qxa4 25. Bd2 b3 26. Rc1 Qb5 0-1

[Event "3rd Cambridge Int Open"]
[Site "Cambridge ENG"]
[Date "2025.05.26"]
[Round "1.41"]
[White "Hedger, Alec"]
[Black "Mork, Peter"]
[Result "1-0"]
[WhiteElo "1924"]
[BlackElo "1757"]
[WhiteFideId "453943"]
[BlackFideId "1580604"]
[EventDate "2025.05.26"]

1. d4 Nf6 2. Bg5 d5 3. Bxf6 exf6 4. c4 c6 5. e3 Be7 6. Nc3 O-O 7. c5 Re8 8. g3
Nd7 9. Bg2 f5 10. Nge2 Nf6 11. O-O h5 12. f3 h4 13. gxh4 Nh7 14. e4 Bxh4 15.
exd5 cxd5 16. f4 Nf6 17. Qb3 Ng4 18. Ng3 Re3 19. Rf3 Bd7 20. Qxd5 Qe8 21. Nxf5
Bxf5 22. Qxf5 Rxf3 23. Qxg4 Qe3+ 24. Kh1 Rxf4 25. Qe2 Qxd4 26. Bxb7 Rf2 27. Qe4
Qf6 28. Bxa8 Rf1+ 29. Kg2 Rxa1 30. Kh3 g5 31. c6 Rg1 32. c7 Qf1+ 33. Qg2 Qd3+
34. Bf3 Qd7+ 35. Bg4 Qd3+ 36. Qf3 Qxf3+ 37. Bxf3 g4+ 38. Bxg4 1-0

[Event "3rd Cambridge Int Open"]
[Site "Cambridge ENG"]
[Date "2025.05.26"]
[Round "1.42"]
[White "Chantrell, Paul"]
[Black "Myall, Ivan J"]
[Result "1-0"]
[WhiteElo "1749"]
[BlackElo "1924"]
[WhiteFideId "451967"]
[BlackFideId "425168"]
[EventDate "2025.05.26"]

1. e4 g6 2. d4 Bg7 3. Nc3 c5 4. Be3 Qa5 5. Qd2 Nc6 6. dxc5 Bxc3 7. Qxc3 Qxc3+ 8.
bxc3 Nf6 9. f3 O-O 10. Bc4 Kg7 11. Ne2 Ne5 12. Bb3 h6 13. Nf4 e6 14. Bd4 Nc6 15.
e5 Ne8 16. Nd3 Nc7 17. a4 Kh7 18. f4 Ne7 19. O-O-O Ned5 20. c4 Ne7 21. g4 Rb8
22. Nf2 Nc6 23. c3 b6 24. cxb6 Nxd4 25. cxd4 Rxb6 26. Kc2 Bb7 27. Rhe1 Rc8 28.
c5 Rb4 29. Kc3 Na6 30. Nd3 Rb6 31. Bc4 Bd5 32. Bxd5 exd5 33. Rb1 Rbb8 34. Rb5
Nc7 35. Rbb1 Kg7 36. f5 g5 37. h4 Na8 38. Kd2 Nc7 39. hxg5 hxg5 40. Rec1 Na6 41.
Kc3 Rh8 42. Rxb8 Rxb8 43. Rh1 Nc7 44. Rh5 f6 45. exf6+ Kxf6 46. Rh6+ Ke7 47.
Rh7+ Kd8 48. Ne5 Rb1 49. Rxd7+ Kc8 50. Rg7 Rg1 51. Rg8+ Kb7 52. Rxg5 Rg3+ 53.
Kd2 Ra3 54. f6 Ne6 55. Rg7+ Ka6 56. Re7 Ng5 57. f7 Ne4+ 58. Ke2 Ra2+ 59. Ke3 Rf2
60. Nf3 1-0

[Event "3rd Cambridge Int Open"]
[Site "Cambridge ENG"]
[Date "2025.05.26"]
[Round "1.43"]
[White "De Coverly, Roger D"]
[Black "Leigh, Dominic"]
[Result "1-0"]
[WhiteElo "1918"]
[BlackElo "1747"]
[WhiteFideId "405213"]
[BlackFideId "428310"]
[EventDate "2025.05.26"]

1. e4 e5 2. Nf3 Nc6 3. Bb5 Nf6 4. O-O Nxe4 5. d4 Nd6 6. Bxc6 dxc6 7. dxe5 Nf5 8.
Qxd8+ Kxd8 9. h3 h5 10. Nc3 Be7 11. Bf4 Ke8 12. Rfe1 Be6 13. Rad1 h4 14. Bg5 Rh5
15. Ne4 b6 16. Bxe7 Kxe7 17. Nfg5 Rd8 18. Rxd8 Kxd8 19. f4 Ke7 20. Kf2 Rh8 21.
Rd1 Bd5 22. Re1 Rd8 23. b3 Bxe4 24. Nxe4 c5 25. Re2 a5 26. g4 hxg3+ 27. Nxg3
Nxg3 28. Kxg3 Rd4 29. c4 a4 30. Kg4 axb3 31. axb3 Rd3 32. Rb2 Rc3 33. h4 c6 34.
h5 b5 35. Kf5 Rh3 36. Kg4 Rc3 37. Kg5 Rg3+ 38. Kf5 Rh3 39. cxb5 cxb5 40. Rc2
Rxb3 41. Rxc5 b4 42. Rc7+ Kf8 43. h6 gxh6 44. Kf6 Ke8 45. Re7+ Kd8 46. Rxf7 Rh3
47. e6 b3 48. e7+ Kd7 49. Rf8 1-0

[Event "3rd Cambridge Int Open"]
[Site "Cambridge ENG"]
[Date "2025.05.26"]
[Round "1.44"]
[White "Warner, Nicholas"]
[Black "Smart, Michael R"]
[Result "0-1"]
[WhiteElo "1741"]
[BlackElo "1914"]
[WhiteFideId "343414400"]
[BlackFideId "411370"]
[EventDate "2025.05.26"]

1. f4 e5 2. e4 d5 3. Qe2 exf4 4. exd5+ Be7 5. d3 Nf6 6. Bxf4 Nxd5 7. Bg3 O-O 8.
Nd2 Re8 9. O-O-O Bg5 10. Qf2 Nc6 11. Qc5 Be3 12. Qa3 Be6 13. Nf3 Ndb4 14. Re1
Bc5 15. Rxe6 Rxe6 16. Ne4 Be7 17. Qa4 Rxe4 18. dxe4 Bg5+ 0-1

[Event "3rd Cambridge Int Open"]
[Site "Cambridge ENG"]
[Date "2025.05.26"]
[Round "1.45"]
[White "McMahon, Paul"]
[Black "Berkley, Stephen W"]
[Result "1-0"]
[WhiteElo "1911"]
[BlackElo "1740"]
[WhiteFideId "408212"]
[BlackFideId "486850"]
[EventDate "2025.05.26"]

1. e4 e6 2. d4 d5 3. exd5 exd5 4. Nf3 Nc6 5. Bf4 Bd6 6. Qd2 Nge7 7. Be2 Bg4 8.
c3 f6 9. Bxd6 Qxd6 10. Na3 a6 11. Nc2 O-O 12. Ne3 Bd7 13. O-O Ng6 14. g3 Bh3 15.
Rfe1 Rae8 16. Bf1 Bxf1 17. Kxf1 f5 18. Kg2 f4 19. Nf5 Qf6 20. g4 Nce7 21. Nxe7+
Rxe7 22. Rxe7 Qxe7 23. Re1 Nh4+ 24. Nxh4 Qxh4 25. f3 g6 26. Qe2 Qf6 27. Qe7 Rf7
28. Qxf6 Rxf6 29. Re7 Rf7 30. Rxf7 Kxf7 31. g5 Kg7 32. Kh3 1-0